| 000 | 00870nam a22002297a 4500 | ||
|---|---|---|---|
| 005 | 20250826063927.0 | ||
| 008 | 220510s2006 mx ||||fr|||| 00| 0 spa d | ||
| 020 | _a9705700214 | ||
| 040 |
_aMX-MxUPN _bspa _cMX-MxUPN |
||
| 050 | 1 | 4 |
_aLB2892 _bP5.3 |
| 245 | 0 | 0 |
_aPlan estratégico de transformación escolar / _c[coord. Ernesto Castellano Pérez, Cuauhtémoc Guerrero Araiza |
| 260 |
_aMéxico, D.F. : _bSEP, _c2006. |
||
| 300 | _a143 p. | ||
| 490 | 0 | _aDocumentos para fortalecer la gestión escolar | |
| 650 | 4 |
_aEscuelas _xDirección y organización _zMéxico _911302 |
|
| 650 | 4 |
_aEducación _xPlanificación _zMéxico _913915 |
|
| 700 | 1 |
_944394 _aCastellano Pérez, Ernesto _ecoord. |
|
| 700 | 1 |
_944395 _aGuerrero Araiza, Cuauhtémoc _ecoord. |
|
| 710 | 1 |
_aMéxico. _bSecretaría de Educación Pública _eed. _944381 |
|
| 942 |
_2lcc _cLIBRO |
||
| 999 |
_c208449 _d208449 |
||